MARC

Tag First Indicator Second Indicator Subfields
LEADER 00000cam a2200000 a 4500
001 in00002783434
005 20150922150554.0
008 110415s2012 mdu b 001 0deng
010 |a  2011016274 
020 |a 9781421403540 (hardcover : alk. paper) 
020 |a 1421403544 (hardcover : alk. paper) 
035 |a (OCoLC)ocn714030340 
040 |a DNLM/DLC  |c DLC  |d NLM  |d UtOrBLW 
043 |a e-au--- 
049 |a TXAM 
050 0 0 |a BF173.F85  |b A4 2012 
060 0 0 |a 2012 B-346 
060 1 0 |a WM 460 
082 0 0 |a 150.19/52092  |a B  |2 23 
100 1 |a Freud, Sigmund,  |d 1856-1939. 
240 1 0 |a Correspondence.  |k Selections.  |l English 
245 1 4 |a The letters of Sigmund Freud & Otto Rank :  |b inside psychoanalysis /  |c edited by E. James Lieberman, Robert Kramer ; letters translated by Gregory C. Richter. 
246 3 |a Letters of Sigmund Freud and Otto Rank 
264 1 |a Baltimore :  |b Johns Hopkins University Press,  |c 2012. 
300 |a xi, 365 pages ;  |c 25 cm. 
336 |a text  |b txt  |2 rdacontent 
337 |a unmediated  |b n  |2 rdamedia 
338 |a volume  |b nc  |2 rdacarrier 
504 |a Includes bibliographical references and index. 
505 0 |a The Vienna psychoanalytic society -- Alfred Adler departs -- Judging Jung, 1912-1913 -- The Committee, 1913-1914 -- War, 1914 -- Limbo, 1915-1916 -- Krakow -- Active therapy and armistice, 1918 -- Eros, Oedipus, Thanatos, 1919 and 1920 -- Rising tension, 1921 -- Favorite son, January to July 1922 -- Berlin, August to December 1922 -- Birth of the mother, January to June 1923 -- Under the knife, June to December 1923 -- Crisis, January to April 1924 -- New York, May to October 1924 -- Reconciliation, October to December 1924 -- Reunion and ending, 1925-1926 -- Willing, feeling, living. 
600 1 0 |a Freud, Sigmund,  |d 1856-1939  |v Correspondence. 
600 1 0 |a Rank, Otto,  |d 1884-1939  |v Correspondence. 
650 0 |a Psychoanalysts  |z Austria  |v Correspondence. 
650 0 |a Psychoanalysis. 
600 1 2 |a Freud, Sigmund,  |d 1856-1939. 
600 1 2 |a Rank, Otto,  |d 1884-1939. 
650 1 2 |a Psychoanalytic Theory  |v Collected Correspondence. 
650 2 2 |a History, 19th Century. 
650 2 2 |a History, 20th Century. 
650 2 2 |a Psychoanalysis  |x history. 
700 1 |a Lieberman, E. James,  |d 1934- 
700 1 |a Kramer, Robert,  |d 1953- 
945 |a PromptCat  |b 108295 
946 |a stk 
947 |a A14836013101 
948 |a cataloged  |b h  |c 2012/12/10  |d c  |e dmitchel  |f 4:30:20 pm 
994 |a 92  |b TXA 
999 |a MARS 
999 f f |s 6b7718dd-2a81-38b9-ad2d-2865cb2ab05f  |i 29eaeecb-4676-3445-ae30-1278ca43ea86  |t 0 
952 f f |p ric  |a Texas A&M University  |b Rellis Campus  |c Joint Library Facility  |d Remote Storage  |t 0  |e BF173.F85 A4 2012  |h Library of Congress classification  |i unmediated -- volume  |m A14836013101 
998 f f |a BF173.F85 A4 2012  |t 0  |l Remote Storage